[Event "WYCC Open U16"]
[Site "Porto Carras"]
[Date "2015.10.27"]
[Round "3.1"]
[White "Janik, Igor"]
[Black "Rambaldi, Francesco"]
[Result "0-1"]
[BlackElo "2547"]
[WhiteElo "2344"]
[LiveChessVersion "1.4.6"]

1. e4 {[%clk 1:30:55]} c6 {[%clk 1:30:48]} 2. d4 {[%clk 1:31:17]} d5
{[%clk 1:31:12]} 3. Nc3 {[%clk 1:31:41]} a6 {[%clk 1:29:46]} 4. Be3
{[%clk 1:26:04]} dxe4 {[%clk 1:22:57]} 5. Nxe4 {[%clk 1:26:29]} Nd7
{[%clk 1:22:49]} 6. Nf3 {[%clk 1:26:22]} Ngf6 {[%clk 1:23:13]} 7. Nxf6+
{[%clk 1:26:44]} Nxf6 {[%clk 1:23:36]} 8. Ne5 {[%clk 1:27:12]} Nd5
{[%clk 1:20:18]} 9. Bc4 {[%clk 1:19:53]} Be6 {[%clk 1:19:37]} 10. Qe2
{[%clk 1:12:27]} g6 {[%clk 1:16:41]} 11. O-O {[%clk 1:06:52]} Bg7
{[%clk 1:16:04]} 12. Bb3 {[%clk 1:04:36]} O-O {[%clk 1:13:19]} 13. Rad1
{[%clk 1:01:04]} Nxe3 {[%clk 1:07:31]} 14. Qxe3 {[%clk 1:01:03]} Bxb3
{[%clk 1:07:47]} 15. Qxb3 {[%clk 1:01:01]} Qc7 {[%clk 1:07:57]} 16. Nc4
{[%clk 0:59:07]} b5 {[%clk 1:04:34]} 17. Ne3 {[%clk 0:58:56]} Rfd8
{[%clk 1:03:36]} 18. c3 {[%clk 0:57:10]} e6 {[%clk 1:03:37]} 19. Qc2
{[%clk 0:56:24]} a5 {[%clk 0:58:41]} 20. Rd3 {[%clk 0:51:37]} Rd7
{[%clk 0:56:38]} 21. Rfd1 {[%clk 0:50:57]} Rad8 {[%clk 0:56:38]} 22. g3
{[%clk 0:45:11]} Qb6 {[%clk 0:54:37]} 23. Kf1 {[%clk 0:42:27]} h5
{[%clk 0:54:42]} 24. Qe2 {[%clk 0:38:49]} Qa6 {[%clk 0:50:35]} 25. R3d2
{[%clk 0:36:03]} Bh6 {[%clk 0:48:51]} 26. f4 {[%clk 0:33:57]} Bg7
{[%clk 0:47:49]} 27. Nc2 {[%clk 0:32:50]} Qb7 {[%clk 0:42:18]} 28. Qf3
{[%clk 0:29:42]} Rd5 {[%clk 0:40:37]} 29. Ne3 {[%clk 0:29:55]} R5d6
{[%clk 0:40:55]} 30. Nc2 {[%clk 0:30:02]} Qd7 {[%clk 0:40:32]} 31. Qe4
{[%clk 0:25:17]} c5 {[%clk 0:39:49]} 32. Rd3 {[%clk 0:23:48]} cxd4
{[%clk 0:35:03]} 33. Nxd4 {[%clk 0:24:01]} b4 {[%clk 0:34:41]} 34. Ke2
{[%clk 0:21:46]} bxc3 {[%clk 0:32:23]} 35. bxc3 {[%clk 0:22:12]} Qa4
{[%clk 0:31:58]} 36. R1d2 {[%clk 0:22:01]} Qc4 {[%clk 0:25:34]} 37. Ke3
{[%clk 0:20:06]} Qc5 {[%clk 0:14:29]} 38. Kf3 {[%clk 0:18:45]} Qc4
{[%clk 0:13:28]} 39. Ke3 {[%clk 0:18:48]} Bxd4+ {[%clk 0:05:16]} 40. cxd4
{[%clk 0:49:07]} Rd5 {[%clk 0:35:32]} 41. Qh1 {[%clk 0:48:32]} Qc7
{[%clk 0:30:34]} 42. Qd1 {[%clk 0:47:48]} Qe7 {[%clk 0:30:29]} 43. h4
{[%clk 0:46:53]} Qf6 {[%clk 0:29:39]} 44. Qf3 {[%clk 0:45:01]} Rc8
{[%clk 0:29:56]} 45. Qe4 {[%clk 0:44:37]} Rc4 {[%clk 0:29:55]} 46. Rb3
{[%clk 0:44:26]} Rc1 {[%clk 0:25:03]} 47. Rb1 {[%clk 0:42:26]} Rc3+
{[%clk 0:25:27]} 48. Rd3 {[%clk 0:42:50]} Rc2 {[%clk 0:24:39]} 49. Ra3
{[%clk 0:42:18]} Rc4 {[%clk 0:25:02]} 50. Rd3 {[%clk 0:42:39]} Qe7
{[%clk 0:24:18]} 51. Qg2 {[%clk 0:40:39]} Kg7 {[%clk 0:23:05]} 52. Rbb3
{[%clk 0:37:42]} Qc7 {[%clk 0:21:09]} 53. Qe2 {[%clk 0:36:51]} Rc1
{[%clk 0:19:52]} 54. Rd1 {[%clk 0:36:28]} Rc4 {[%clk 0:18:32]} 55. Rdd3
{[%clk 0:36:25]} Qc6 {[%clk 0:18:37]} 56. Qe1 {[%clk 0:33:42]} Rc1
{[%clk 0:17:22]} 57. Rd1 {[%clk 0:34:02]} Rc2 {[%clk 0:17:42]} 58. Rd2
{[%clk 0:34:17]} Qc4 {[%clk 0:16:51]} 59. Qd1 {[%clk 0:33:43]} Rxd2
{[%clk 0:16:25]} 60. Qxd2 {[%clk 0:34:10]} Qf1 {[%clk 0:16:40]} 61. Rb2
{[%clk 0:34:06]} Qg1+ {[%clk 0:14:32]} 62. Qf2 {[%clk 0:34:26]} Qa1
{[%clk 0:14:48]} 63. Qd2 {[%clk 0:33:46]} Qh1 {[%clk 0:14:56]} 64. Kd3
{[%clk 0:29:26]} Rd7 {[%clk 0:13:02]} 65. Qe2 {[%clk 0:28:23]} Rd5
{[%clk 0:13:20]} 66. Qe3 {[%clk 0:28:09]} Qd1+ {[%clk 0:13:06]} 67. Qd2
{[%clk 0:28:10]} Qa4 {[%clk 0:13:35]} 68. Qc3 {[%clk 0:28:03]} Qd1+
{[%clk 0:13:40]} 69. Qd2 {[%clk 0:28:28]} Qg4 {[%clk 0:14:03]} 70. Qe3
{[%clk 0:28:33]} Qh3 {[%clk 0:12:44]} 71. Qf3 {[%clk 0:27:59]} Qf5+
{[%clk 0:13:13]} 72. Qe4 {[%clk 0:28:22]} Qf6 {[%clk 0:13:41]} 73. Qe3
{[%clk 0:28:29]} Qd8 {[%clk 0:14:07]} 74. Rd2 {[%clk 0:26:40]} Qd6
{[%clk 0:13:31]} 75. Ke2 {[%clk 0:26:41]} Qb4 {[%clk 0:13:57]} 76. Qd3
{[%clk 0:27:04]} Qb7 {[%clk 0:14:06]} 77. Ke3 {[%clk 0:25:59]} Rb5
{[%clk 0:13:50]} 78. Qe4 {[%clk 0:26:11]} Qb6 {[%clk 0:13:22]} 79. Ke2
{[%clk 0:25:13]} Qd6 {[%clk 0:13:17]} 80. Ke3 {[%clk 0:24:57]} Qb4
{[%clk 0:12:41]} 81. Qc2 {[%clk 0:24:02]} Rd5 {[%clk 0:12:23]} 82. Qb3
{[%clk 0:23:49]} Qd6 {[%clk 0:12:22]} 83. Qd3 {[%clk 0:24:12]} Qe7
{[%clk 0:11:41]} 84. Rc2 {[%clk 0:23:17]} Qb4 {[%clk 0:11:13]} 85. Rd2
{[%clk 0:23:13]} Rd7 {[%clk 0:11:16]} 86. Qb3 {[%clk 0:22:53]} Rb7
{[%clk 0:10:03]} 87. Qd3 {[%clk 0:23:09]} Rc7 {[%clk 0:10:21]} 88. Qe2
{[%clk 0:19:51]} Rc1 {[%clk 0:10:05]} 89. Kf2 {[%clk 0:19:01]} Qb1
{[%clk 0:10:00]} 90. Rb2 {[%clk 0:14:34]} Rf1+ {[%clk 0:10:24]} 91. Kg2
{[%clk 0:14:40]} Re1 {[%clk 0:10:40]} 92. Qb5 {[%clk 0:12:12]} Qe4+
{[%clk 0:09:02]} 93. Kh3 {[%clk 0:11:34]} Qf3 {[%clk 0:10:51]} 94. Rh2
{[%clk 0:08:57]} Qg4+ {[%clk 0:10:49]} 95. Kg2 {[%clk 0:09:22]} Re2+
{[%clk 0:11:17]} 0-1

[Event "WYCC Open U16"]
[Site "Porto Carras"]
[Date "2015.10.27"]
[Round "3.2"]
[White "Fawzy, Adham"]
[Black "Lopez Mulet, Inigo"]
[Result "1-0"]
[BlackElo "2333"]
[WhiteElo "2483"]
[LiveChessVersion "1.4.6"]

1. e4 {[%clk 1:30:49]} c5 {[%clk 1:30:45]} 2. Nf3 {[%clk 1:31:13]} e6
{[%clk 1:30:55]} 3. d4 {[%clk 1:31:36]} cxd4 {[%clk 1:31:21]} 4. Nxd4
{[%clk 1:32:00]} Nc6 {[%clk 1:31:39]} 5. Nc3 {[%clk 1:31:38]} Qc7
{[%clk 1:30:57]} 6. Be3 {[%clk 1:31:18]} a6 {[%clk 1:31:03]} 7. Qd2
{[%clk 1:31:23]} Nf6 {[%clk 1:30:05]} 8. f3 {[%clk 1:30:24]} Be7 {[%clk 1:28:26]}
9. O-O-O {[%clk 1:28:24]} b5 {[%clk 1:28:16]} 10. Kb1 {[%clk 1:18:59]} Bb7
{[%clk 1:25:49]} 11. g4 {[%clk 1:08:54]} O-O {[%clk 1:24:09]} 12. Nb3
{[%clk 1:00:20]} Ne5 {[%clk 1:15:55]} 13. Qf2 {[%clk 0:54:01]} b4
{[%clk 1:09:57]} 14. Bb6 {[%clk 0:45:43]} Qc8 {[%clk 1:05:38]} 15. g5
{[%clk 0:45:51]} Nfg4 {[%clk 1:01:45]} 16. fxg4 {[%clk 0:42:11]} bxc3
{[%clk 1:02:04]} 17. Bd4 {[%clk 0:30:39]} f6 {[%clk 0:46:45]} 18. gxf6
{[%clk 0:18:08]} Bxf6 {[%clk 0:43:53]} 19. Qg3 {[%clk 0:16:43]} Bxe4
{[%clk 0:29:45]} 20. g5 {[%clk 0:15:42]} cxb2 {[%clk 0:11:51]} 21. Nc5
{[%clk 0:05:43]} Bxc2+ {[%clk 0:07:29]} 22. Kxc2 {[%clk 0:06:12]} Nf3
{[%clk 0:07:30]} 23. gxf6 {[%clk 0:03:29]} Nxd4+ {[%clk 0:07:56]} 24. Kb1
{[%clk 0:03:58]} Rxf6 {[%clk 0:06:29]} 25. Qc3 {[%clk 0:03:12]} e5
{[%clk 0:05:02]} 26. Bg2 {[%clk 0:01:21]} Rb8 {[%clk 0:04:43]} 27. Bd5+
{[%clk 0:01:17]} Kh8 {[%clk 0:04:59]} 28. Ne4 {[%clk 0:01:10]} Qxc3
{[%clk 0:04:06]} 29. Nxc3 {[%clk 0:01:39]} Rf2 {[%clk 0:03:45]} 30. Ne4
{[%clk 0:00:40]} Re2 {[%clk 0:02:24]} 31. Rd3 {[%clk 0:00:33]} h6
{[%clk 0:01:38]} 32. Nc3 {[%clk 0:00:33]} Rf2 {[%clk 0:01:35]} 33. h3
{[%clk 0:00:56]} Rc8 {[%clk 0:01:18]} 34. a3 {[%clk 0:00:46]} Rc2
{[%clk 0:00:51]} 35. Rxd4 exd4 {[%clk 0:00:45]} 36. Kxc2 {[%clk 0:00:59]} dxc3
{[%clk 0:01:08]} 37. Rf1 {[%clk 0:01:06]} Rb8 {[%clk 0:00:38]} 38. Bb3
{[%clk 0:01:13]} Rc8 {[%clk 0:00:43]} 39. Rf3 {[%clk 0:01:41]} d5
{[%clk 0:00:33]} 40. Bxd5 {[%clk 0:31:45]} Rd8 {[%clk 0:30:41]} 41. Ba2
{[%clk 0:30:39]} Rd2+ {[%clk 0:25:48]} 42. Kxc3 {[%clk 0:30:22]} Rh2
{[%clk 0:26:11]} 43. Bb1 {[%clk 0:30:08]} g5 {[%clk 0:26:35]} 44. Bc2
{[%clk 0:30:28]} Kg7 {[%clk 0:26:14]} 45. Kxb2 {[%clk 0:30:55]} h5
{[%clk 0:26:33]} 46. Kc3 {[%clk 0:30:49]} Kh6 {[%clk 0:26:02]} 47. Bf5
{[%clk 0:31:09]} g4 {[%clk 0:25:56]} 48. hxg4 {[%clk 0:31:12]} h4
{[%clk 0:26:20]} 49. Bc8 {[%clk 0:30:45]} Kg5 {[%clk 0:26:27]} 50. Rf5+
{[%clk 0:31:04]} Kg6 {[%clk 0:26:53]} 51. Bxa6 {[%clk 0:30:41]} h3
{[%clk 0:27:08]} 52. Bb7 {[%clk 0:31:10]} Ra2 {[%clk 0:27:27]} 53. Kb3
{[%clk 0:31:32]} Rg2 {[%clk 0:26:59]} 54. Rf3 {[%clk 0:31:25]} Rg1
{[%clk 0:27:20]} 55. Be4+ {[%clk 0:31:42]} 1-0

[Event "WYCC Open U16"]
[Site "Porto Carras"]
[Date "2015.10.27"]
[Round "3.3"]
[White "Mihajlov, Sebastian"]
[Black "Maghsoodloo, Parham"]
[Result "1-0"]
[BlackElo "2457"]
[WhiteElo "2336"]
[LiveChessVersion "1.4.6"]

1. d4 {[%clk 1:30:56]} Nf6 {[%clk 1:30:51]} 2. Nf3 {[%clk 1:30:56]} g6
{[%clk 1:31:13]} 3. g3 {[%clk 1:30:58]} Bg7 {[%clk 1:31:35]} 4. Bg2
{[%clk 1:31:21]} O-O {[%clk 1:31:32]} 5. c4 {[%clk 1:31:25]} d5 {[%clk 1:22:31]}
6. cxd5 {[%clk 1:31:37]} Nxd5 {[%clk 1:22:54]} 7. O-O {[%clk 1:31:54]} Nb6
{[%clk 1:23:19]} 8. Nc3 {[%clk 1:31:54]} Nc6 {[%clk 1:23:43]} 9. d5
{[%clk 1:32:17]} Na5 {[%clk 1:22:32]} 10. Qc2 {[%clk 1:32:30]} c6
{[%clk 1:15:34]} 11. dxc6 {[%clk 1:32:41]} Nxc6 {[%clk 1:15:54]} 12. Rd1
{[%clk 1:33:07]} Qe8 {[%clk 1:14:35]} 13. Qe4 {[%clk 1:33:21]} Bf5
{[%clk 0:59:29]} 14. Qh4 {[%clk 1:33:43]} f6 {[%clk 0:59:51]} 15. g4
{[%clk 1:34:01]} Bd7 {[%clk 0:54:40]} 16. Ne4 {[%clk 1:25:44]} Rd8
{[%clk 0:49:58]} 17. Bd2 {[%clk 1:03:23]} Bc8 {[%clk 0:46:04]} 18. Rac1
{[%clk 1:02:22]} Kh8 {[%clk 0:42:59]} 19. b3 {[%clk 0:54:01]} Qf7
{[%clk 0:42:30]} 20. Nc5 {[%clk 0:42:10]} e5 {[%clk 0:40:21]} 21. e4
{[%clk 0:40:31]} Rd6 {[%clk 0:37:36]} 22. Be3 {[%clk 0:35:01]} Rfd8
{[%clk 0:36:58]} 23. Re1 {[%clk 0:34:07]} Na8 {[%clk 0:34:10]} 24. Na4
{[%clk 0:26:02]} Nc7 {[%clk 0:32:30]} 25. Bc5 {[%clk 0:24:47]} Re6
{[%clk 0:25:56]} 26. Nb2 {[%clk 0:18:31]} Ree8 {[%clk 0:23:18]} 27. Nc4
{[%clk 0:18:46]} Bf8 {[%clk 0:23:42]} 28. Bxf8 {[%clk 0:15:19]} Qxf8
{[%clk 0:20:29]} 29. g5 {[%clk 0:15:05]} fxg5 {[%clk 0:19:34]} 30. Nxg5
{[%clk 0:15:08]} Qe7 {[%clk 0:17:35]} 31. Qg3 {[%clk 0:14:09]} Nb5
{[%clk 0:13:56]} 32. Ne3 {[%clk 0:10:31]} Rf8 {[%clk 0:13:50]} 33. Nd5
{[%clk 0:10:09]} Qg7 {[%clk 0:14:14]} 34. Re3 {[%clk 0:08:27]} Nbd4
{[%clk 0:14:30]} 35. Kh1 {[%clk 0:05:34]} h6 {[%clk 0:13:43]} 36. Nf3
{[%clk 0:05:50]} g5 {[%clk 0:14:10]} 37. Nxd4 {[%clk 0:05:39]} Nxd4
{[%clk 0:14:32]} 38. h4 {[%clk 0:01:19]} Be6 {[%clk 0:09:44]} 39. Rc7
{[%clk 0:01:02]} Rf7 {[%clk 0:09:20]} 40. Rxf7 {[%clk 0:31:13]} Bxf7
{[%clk 0:39:49]} 41. Nb4 {[%clk 0:28:02]} Ne6 {[%clk 0:36:51]} 42. hxg5
{[%clk 0:26:54]} Rd1+ {[%clk 0:34:55]} 43. Kh2 {[%clk 0:27:13]} Nf4
{[%clk 0:35:16]} 44. g6 {[%clk 0:14:18]} Qxg6 {[%clk 0:32:25]} 45. Qxg6
{[%clk 0:11:47]} Bxg6 {[%clk 0:31:57]} 46. Bf3 {[%clk 0:12:07]} Rd2
{[%clk 0:32:11]} 47. Kg3 {[%clk 0:12:27]} a5 {[%clk 0:32:03]} 48. Nd5
{[%clk 0:12:52]} Ne6 {[%clk 0:29:31]} 49. a3 {[%clk 0:12:36]} Kg7
{[%clk 0:27:28]} 50. Nb6 {[%clk 0:08:36]} Ra2 {[%clk 0:22:00]} 51. b4
{[%clk 0:07:30]} axb4 {[%clk 0:22:16]} 52. axb4 {[%clk 0:07:59]} Be8
{[%clk 0:20:49]} 53. Nc4 {[%clk 0:05:00]} Kf6 {[%clk 0:21:12]} 54. Nd6
{[%clk 0:05:28]} Bc6 {[%clk 0:20:24]} 55. b5 {[%clk 0:05:31]} Bd7
{[%clk 0:20:41]} 56. Bg4 {[%clk 0:05:04]} Rd2 {[%clk 0:20:15]} 57. Nc4
{[%clk 0:03:48]} Rd4 {[%clk 0:20:30]} 58. Rf3+ {[%clk 0:04:14]} Nf4
{[%clk 0:20:26]} 59. Nxe5 {[%clk 0:04:29]} Kxe5 {[%clk 0:21:16]} 60. Rxf4
{[%clk 0:04:52]} Bxg4 {[%clk 0:19:47]} 61. Kxg4 {[%clk 0:01:29]} Rxe4
{[%clk 0:19:30]} 62. Rxe4+ {[%clk 0:01:54]} Kxe4 {[%clk 0:19:57]} 63. b6
{[%clk 0:02:17]} Kd5 {[%clk 0:09:38]} 64. Kh5 {[%clk 0:03:12]} 1-0

[Event "WYCC Open U16"]
[Site "Porto Carras"]
[Date "2015.10.27"]
[Round "3.4"]
[White "Muthaiah, Al"]
[Black "Shtembuliak, Evgeny"]
[Result "1/2-1/2"]
[BlackElo "2416"]
[WhiteElo "2316"]
[LiveChessVersion "1.4.6"]

1. c4 {[%clk 1:30:42]} Nf6 {[%clk 1:30:00]} 2. Nc3 {[%clk 1:30:50]} d6
{[%clk 1:30:21]} 3. g3 {[%clk 1:31:03]} e5 {[%clk 1:28:49]} 4. Bg2
{[%clk 1:31:14]} c6 {[%clk 1:29:04]} 5. d4 {[%clk 1:29:55]} Bf5 {[%clk 1:29:17]}
6. Nf3 {[%clk 1:26:35]} Nbd7 {[%clk 1:29:41]} 7. Nh4 {[%clk 1:24:43]} Bg6
{[%clk 1:30:04]} 8. d5 {[%clk 1:23:39]} c5 {[%clk 1:25:08]} 9. O-O
{[%clk 1:20:19]} Be7 {[%clk 1:25:33]} 10. e4 {[%clk 1:17:08]} Nh5
{[%clk 1:19:30]} 11. Nf5 {[%clk 1:11:25]} Bxf5 {[%clk 1:18:47]} 12. exf5
{[%clk 1:11:43]} Nhf6 {[%clk 1:19:03]} 13. f4 {[%clk 1:04:15]} h5
{[%clk 1:04:30]} 14. Qe2 {[%clk 0:51:19]} Qb6 {[%clk 1:02:48]} 15. h3
{[%clk 0:45:51]} O-O-O {[%clk 0:58:04]} 16. Rb1 {[%clk 0:43:21]} Rde8
{[%clk 0:57:15]} 17. Kh1 {[%clk 0:41:49]} Bd8 {[%clk 0:55:07]} 18. Qc2
{[%clk 0:38:37]} a6 {[%clk 0:50:39]} 19. a3 {[%clk 0:36:57]} Qc7 {[%clk 0:29:59]}
20. Na4 {[%clk 0:32:12]} Nb6 {[%clk 0:26:34]} 21. Nxb6+ {[%clk 0:21:14]} Qxb6
{[%clk 0:27:03]} 22. b4 {[%clk 0:21:32]} Nd7 {[%clk 0:24:28]} 23. bxc5
{[%clk 0:18:15]} Qxc5 {[%clk 0:24:40]} 24. Qb2 {[%clk 0:15:11]} Bb6
{[%clk 0:15:25]} 25. a4 {[%clk 0:07:55]} Qc7 {[%clk 0:12:26]} 26. fxe5
{[%clk 0:06:06]} Rxe5 {[%clk 0:12:46]} 27. Bf4 {[%clk 0:05:51]} Bc5
{[%clk 0:12:58]} 28. Bxe5 {[%clk 0:05:11]} Nxe5 {[%clk 0:12:47]} 29. f6
{[%clk 0:05:07]} g6 {[%clk 0:12:54]} 30. Qc3 {[%clk 0:04:50]} a5 {[%clk 0:10:34]}
31. Qc2 {[%clk 0:04:04]} Kb8 {[%clk 0:10:33]} 32. Rfe1 {[%clk 0:03:41]} Re8
{[%clk 0:10:11]} 33. Re4 {[%clk 0:03:44]} Qd8 {[%clk 0:10:21]} 34. Rf1
{[%clk 0:03:56]} Ka7 {[%clk 0:09:36]} 35. Qd2 {[%clk 0:04:01]} Qb6
{[%clk 0:08:46]} 36. Qc3 {[%clk 0:03:47]} Qb4 {[%clk 0:05:34]} 37. Qc2
{[%clk 0:03:56]} Qb6 {[%clk 0:01:20]} 38. Rb1 {[%clk 0:03:53]} Bb4
{[%clk 0:00:57]} 39. Qe2 {[%clk 0:03:09]} Rc8 {[%clk 0:00:39]} 40. Rc1
{[%clk 0:31:39]} Qd8 {[%clk 0:30:39]} 41. Rxe5 {[%clk 0:26:06]} dxe5
{[%clk 0:31:06]} 42. Qxe5 {[%clk 0:26:26]} Bd6 {[%clk 0:28:59]} 43. Qd4+
{[%clk 0:23:32]} b6 {[%clk 0:26:50]} 44. Qf2 {[%clk 0:14:04]} Qd7
{[%clk 0:21:53]} 45. Rb1 {[%clk 0:12:23]} Qc7 {[%clk 0:22:18]} 46. Rb3
{[%clk 0:12:22]} Re8 {[%clk 0:21:22]} 47. h4 {[%clk 0:07:15]} Re5
{[%clk 0:07:51]} 48. Bf3 {[%clk 0:02:08]} Bc5 {[%clk 0:05:32]} 49. Qd2
{[%clk 0:01:35]} Qd6 {[%clk 0:05:48]} 50. Qf4 {[%clk 0:01:33]} Kb8
{[%clk 0:02:28]} 51. Kg2 {[%clk 0:01:43]} Kc7 {[%clk 0:02:52]} 52. Be4
{[%clk 0:01:20]} Kb8 {[%clk 0:01:09]} 53. Rb2 {[%clk 0:00:57]} Qc7
{[%clk 0:00:45]} 54. Bf3 {[%clk 0:00:37]} Bd6 {[%clk 0:00:50]} 55. Qd4
{[%clk 0:00:39]} Ka7 {[%clk 0:00:46]} 56. Rb5 {[%clk 0:00:46]} Ka6
{[%clk 0:00:37]} 57. Qd3 {[%clk 0:00:33]} Ka7 {[%clk 0:00:44]} 58. Qd4
{[%clk 0:00:56]} Ka6 {[%clk 0:01:05]} 59. Qd3 {[%clk 0:01:17]} Ka7
{[%clk 0:00:41]} 60. Qd4 {[%clk 0:01:38]} 1/2-1/2

[Event "WYCC Open U16"]
[Site "Porto Carras"]
[Date "2015.10.27"]
[Round "3.5"]
[White "Haldorsen, Benjamin"]
[Black "Costachi, Mihnea"]
[Result "0-1"]
[BlackElo "2407"]
[WhiteElo "2295"]
[LiveChessVersion "1.4.6"]

1. e4 {[%clk 1:30:49]} e5 {[%clk 1:30:37]} 2. Nf3 {[%clk 1:30:54]} Nc6
{[%clk 1:31:04]} 3. Bb5 {[%clk 1:30:57]} a6 {[%clk 1:31:19]} 4. Ba4
{[%clk 1:31:13]} Nf6 {[%clk 1:31:00]} 5. O-O {[%clk 1:30:30]} Be7
{[%clk 1:31:06]} 6. Re1 {[%clk 1:30:12]} b5 {[%clk 1:31:17]} 7. Bb3
{[%clk 1:30:33]} d6 {[%clk 1:31:06]} 8. c3 {[%clk 1:29:58]} O-O {[%clk 1:31:20]}
9. h3 {[%clk 1:29:52]} Na5 {[%clk 1:30:03]} 10. Bc2 {[%clk 1:30:13]} c5
{[%clk 1:30:27]} 11. d4 {[%clk 1:30:08]} Nd7 {[%clk 1:28:42]} 12. Nbd2
{[%clk 1:28:44]} exd4 {[%clk 1:28:26]} 13. cxd4 {[%clk 1:29:02]} Nc6
{[%clk 1:28:30]} 14. a4 {[%clk 1:27:42]} Bb7 {[%clk 1:26:33]} 15. d5
{[%clk 1:22:02]} Nb4 {[%clk 1:21:34]} 16. Bb1 {[%clk 1:18:39]} c4
{[%clk 1:17:23]} 17. Nd4 {[%clk 1:12:10]} Bf6 {[%clk 1:06:56]} 18. N2f3
{[%clk 1:07:36]} Nc5 {[%clk 0:57:37]} 19. axb5 {[%clk 0:58:01]} Nbd3
{[%clk 0:54:04]} 20. Bxd3 {[%clk 0:51:35]} Nxd3 {[%clk 0:54:28]} 21. Re2
{[%clk 0:51:08]} axb5 {[%clk 0:53:33]} 22. Rxa8 {[%clk 0:36:13]} Qxa8
{[%clk 0:40:58]} 23. Bg5 {[%clk 0:32:49]} Bxg5 {[%clk 0:35:46]} 24. Nxg5
{[%clk 0:32:57]} Qa5 {[%clk 0:32:33]} 25. Rc2 {[%clk 0:22:34]} h6
{[%clk 0:30:54]} 26. Nf5 {[%clk 0:19:38]} Qd8 {[%clk 0:30:57]} 27. Nf3
{[%clk 0:19:13]} Re8 {[%clk 0:29:23]} 28. Re2 {[%clk 0:17:57]} Qf6
{[%clk 0:23:06]} 29. N5d4 {[%clk 0:13:21]} Bc8 {[%clk 0:22:58]} 30. Nxb5
{[%clk 0:10:06]} Bxh3 {[%clk 0:19:41]} 31. Ne1 {[%clk 0:09:24]} Bg4
{[%clk 0:14:38]} 32. f3 {[%clk 0:09:11]} Bd7 {[%clk 0:14:40]} 33. Na3
{[%clk 0:06:57]} Nxb2 {[%clk 0:12:02]} 34. Qc2 {[%clk 0:06:45]} Qd4+
{[%clk 0:11:32]} 35. Kh2 {[%clk 0:06:25]} c3 {[%clk 0:11:14]} 36. g3
{[%clk 0:05:52]} Ba4 {[%clk 0:08:35]} 37. Qc1 {[%clk 0:05:57]} Nd3
{[%clk 0:07:28]} 38. Nxd3 {[%clk 0:05:10]} Qxd3 {[%clk 0:07:56]} 39. Rf2
{[%clk 0:05:21]} Rc8 {[%clk 0:03:54]} 40. Nc2 {[%clk 0:35:03]} Rb8
{[%clk 0:34:07]} 41. Na3 {[%clk 0:34:08]} Qd4 {[%clk 0:26:13]} 42. Kg2
{[%clk 0:31:58]} Qc5 {[%clk 0:26:28]} 43. Nb1 {[%clk 0:25:55]} c2
{[%clk 0:21:56]} 44. Na3 {[%clk 0:26:06]} Rb3 {[%clk 0:18:56]} 45. Rxc2
{[%clk 0:23:36]} Qxa3 {[%clk 0:19:09]} 46. Rc8+ {[%clk 0:22:14]} Kh7
{[%clk 0:19:26]} 47. Qxa3 {[%clk 0:22:03]} Rxa3 {[%clk 0:19:51]} 0-1

[Event "WYCC Open U16"]
[Site "Porto Carras"]
[Date "2015.10.27"]
[Round "3.6"]
[White "Morozov, Nichita"]
[Black "Nikitenko, Mihail"]
[Result "1/2-1/2"]
[BlackElo "2393"]
[WhiteElo "2281"]
[LiveChessVersion "1.4.6"]

1. d4 {[%clk 1:30:58]} d5 {[%clk 1:30:54]} 2. c4 {[%clk 1:31:25]} c6
{[%clk 1:31:19]} 3. Nc3 {[%clk 1:31:53]} Nf6 {[%clk 1:31:42]} 4. e3
{[%clk 1:32:20]} g6 {[%clk 1:32:02]} 5. b3 {[%clk 1:31:39]} Bg7 {[%clk 1:31:13]}
6. Bd3 {[%clk 1:30:08]} c5 {[%clk 1:27:09]} 7. Nge2 {[%clk 1:27:40]} O-O
{[%clk 1:22:31]} 8. O-O {[%clk 1:27:16]} Nc6 {[%clk 1:20:22]} 9. dxc5
{[%clk 1:20:34]} Ne5 {[%clk 1:18:36]} 10. Bb2 {[%clk 1:10:39]} dxc4
{[%clk 1:10:11]} 11. Bxc4 {[%clk 1:11:04]} Nxc4 {[%clk 1:10:38]} 12. bxc4
{[%clk 1:11:33]} Qc7 {[%clk 1:10:49]} 13. Qb3 {[%clk 1:09:00]} Be6
{[%clk 1:04:32]} 14. Nf4 {[%clk 1:06:01]} Qxc5 {[%clk 1:04:50]} 15. Nxe6
{[%clk 1:05:05]} fxe6 {[%clk 1:05:15]} 16. Ne2 {[%clk 1:03:15]} e5
{[%clk 1:02:16]} 17. Ba3 {[%clk 0:59:33]} Qc7 {[%clk 1:02:17]} 18. Rab1
{[%clk 0:57:09]} Kh8 {[%clk 0:59:26]} 19. Nc3 {[%clk 0:54:16]} b6
{[%clk 0:52:53]} 20. e4 {[%clk 0:48:07]} Rfc8 {[%clk 0:51:52]} 21. c5
{[%clk 0:45:18]} bxc5 {[%clk 0:52:08]} 22. Qc4 {[%clk 0:43:17]} Ne8
{[%clk 0:46:15]} 23. Rbd1 {[%clk 0:28:38]} Qa5 {[%clk 0:43:15]} 24. Bc1
{[%clk 0:27:06]} Qb4 {[%clk 0:42:16]} 25. Qd3 {[%clk 0:27:13]} Nf6
{[%clk 0:41:52]} 26. Bg5 {[%clk 0:25:10]} c4 {[%clk 0:39:48]} 27. Qh3
{[%clk 0:25:16]} Rd8 {[%clk 0:39:45]} 28. Rb1 {[%clk 0:22:04]} 1/2-1/2

[Event "WYCC Open U16"]
[Site "Porto Carras"]
[Date "2015.10.27"]
[Round "3.7"]
[White "Capone, Nicola"]
[Black "Papadopoulos, Argirios"]
[Result "1/2-1/2"]
[BlackElo "2267"]
[WhiteElo "2391"]
[LiveChessVersion "1.4.6"]

1. d4 {[%clk 1:30:54]} Nf6 {[%clk 1:30:53]} 2. c4 {[%clk 1:31:19]} e6
{[%clk 1:31:20]} 3. Nc3 {[%clk 1:31:44]} Bb4 {[%clk 1:31:46]} 4. Nf3
{[%clk 1:32:08]} b6 {[%clk 1:32:06]} 5. Bg5 {[%clk 1:32:32]} h6 {[%clk 1:31:11]}
6. Bh4 {[%clk 1:32:57]} g5 {[%clk 1:31:37]} 7. Bg3 {[%clk 1:33:23]} Ne4
{[%clk 1:32:01]} 8. Qc2 {[%clk 1:33:46]} Bb7 {[%clk 1:31:39]} 9. e3
{[%clk 1:33:57]} Bxc3+ {[%clk 1:26:23]} 10. bxc3 {[%clk 1:34:16]} d6
{[%clk 1:26:36]} 11. Nd2 {[%clk 1:34:22]} f5 {[%clk 1:16:41]} 12. f3
{[%clk 1:34:35]} Nxg3 {[%clk 1:10:29]} 13. hxg3 {[%clk 1:34:59]} Qf6
{[%clk 1:10:36]} 14. Bd3 {[%clk 1:33:08]} Nd7 {[%clk 1:08:40]} 15. g4
{[%clk 1:05:22]} fxg4 {[%clk 0:57:09]} 16. Be4 {[%clk 1:05:36]} O-O-O
{[%clk 0:53:58]} 17. Bxb7+ {[%clk 1:02:22]} Kxb7 {[%clk 0:54:23]} 18. Qe4+
{[%clk 1:02:41]} Kb8 {[%clk 0:53:27]} 19. Qxg4 {[%clk 1:01:56]} Qf5
{[%clk 0:46:15]} 20. Qxf5 {[%clk 1:00:27]} exf5 {[%clk 0:46:37]} 21. Rb1
{[%clk 0:58:45]} h5 {[%clk 0:40:57]} 22. Kf2 {[%clk 0:48:31]} Nf6
{[%clk 0:35:01]} 23. a4 {[%clk 0:47:14]} c5 {[%clk 0:30:07]} 24. a5
{[%clk 0:34:07]} Kc7 {[%clk 0:30:24]} 25. Ra1 {[%clk 0:26:33]} Rb8
{[%clk 0:27:39]} 26. axb6+ {[%clk 0:19:49]} axb6 {[%clk 0:27:59]} 27. Nb1
{[%clk 0:19:57]} Ra8 {[%clk 0:11:17]} 28. Na3 {[%clk 0:20:03]} Kc6
{[%clk 0:10:38]} 29. d5+ {[%clk 0:15:07]} Kd7 {[%clk 0:09:37]} 30. Nb5
{[%clk 0:15:30]} Ra5 {[%clk 0:09:00]} 31. Rxa5 {[%clk 0:06:52]} bxa5
{[%clk 0:09:25]} 32. Ke2 {[%clk 0:05:08]} h4 {[%clk 0:06:36]} 33. Ra1
{[%clk 0:01:06]} Ra8 {[%clk 0:05:30]} 34. Na3 {[%clk 0:00:44]} g4
{[%clk 0:03:56]} 35. Rf1 {[%clk 0:00:41]} Nh5 {[%clk 0:02:49]} 36. Rb1
{[%clk 0:00:48]} Kc7 {[%clk 0:02:11]} 37. Nb5+ {[%clk 0:01:07]} Kd7
{[%clk 0:02:28]} 38. Na3 {[%clk 0:01:31]} Rh8 {[%clk 0:01:11]} 39. Kf2
{[%clk 0:01:02]} Ng3 {[%clk 0:00:37]} 40. e4 {[%clk 0:30:38]} fxe4
{[%clk 0:30:34]} 41. fxg4 {[%clk 0:30:08]} Rf8+ {[%clk 0:06:58]} 1/2-1/2